The mystery of debacle of Pakistan, 1971, and myth of exploitation since 1947, and secret of the covert war-unmasked ... / (Record no. 551902)
[ view plain ]
| 000 -LEADER | |
|---|---|
| fixed length control field | 00649cam a2200157 i 4500 |
| 082 ## - DEWEY DECIMAL CLASSIFICATION NUMBER | |
| Classification number | 954.9205 |
| Author Mark | KHA |
| -- | L-30, P-37 |
| 100 1# - MAIN ENTRY--PERSONAL NAME | |
| Personal name | Akbar Khan, Mohammed, |
| 9 (RLIN) | 48754 |
| 245 14 - TITLE STATEMENT | |
| Title | The mystery of debacle of Pakistan, 1971, and myth of exploitation since 1947, and secret of the covert war-unmasked ... / |
| Statement of responsibility, etc. | by Rangrut Mohd. Akbar Khan. |
| 260 ## - PUBLICATION, DISTRIBUTION, ETC. | |
| Place of publication, distribution, etc. | Karachi : |
| Name of publisher, distributor, etc. | Islamic Military Science Association, |
| Date of publication, distribution, etc. | [1972 or 1973] |
| 300 ## - PHYSICAL DESCRIPTION | |
| Extent | xxxi, 494 p. : |
| Other physical details | ill., maps ; |
| Dimensions | 20 cm. |
| 490 1# - SERIES STATEMENT | |
| Series statement | The Islamic ideology on war series |
| 526 ## - STUDY PROGRAM INFORMATION NOTE | |
| Program name | 0 |
| Interest level | 0 |
| Reading level | 0 |
| Title point value | 954_920500000000000_KHA |
| 650 #0 - SUBJECT ADDED ENTRY--TOPICAL TERM | |
| Topical term or geographic name entry element | India-Pakistan Conflict, 1971. |
| 9 (RLIN) | 5188 |
| 650 #0 - SUBJECT ADDED ENTRY--TOPICAL TERM | |
| Topical term or geographic name entry element | MCE |
| 9 (RLIN) | 379 |
| 942 ## - ADDED ENTRY ELEMENTS (KOHA) | |
| Source of classification or shelving scheme | |
| Koha item type | Book |
| Withdrawn status | Lost status | Source of classification or shelving scheme | Damaged status | Not for loan | Permanent Location | Current Location | Date acquired | Total Checkouts | Full call number | Barcode | Date last seen | Price effective from | Koha item type |
|---|---|---|---|---|---|---|---|---|---|---|---|---|---|
| Military College of Engineering (MCE) | Military College of Engineering (MCE) | 01/01/2015 | 954.9205 KHA | MCE-3498 | 01/01/2015 | 01/01/2015 | Book |
